[Event "Junior Online 4NCL Division 4"]
[Site "online"]
[Date "2020.04.16"]
[Round "1.42"]
[White "McAndrew, Max"]
[Black "Datoo, Noor"]
[Result "0-1"]
[WhiteElo "1390"]
[BlackElo "1307"]
[PlyCount "114"]
[EventDate "2020.04.16"]
[WhiteTeam "Ojays E"]
[BlackTeam "Leicestershire Juniors 2"]

1. e4 e5 2. Nf3 Nc6 3. Bc4 Bc5 4. Nc3 Nf6 5. d3 d6 6. h3 Be6 7. Bxe6 fxe6 8.
Bg5 d5 9. exd5 exd5 10. Bxf6 gxf6 11. O-O Rg8 12. Qe2 Qd7 13. Kh2 O-O-O 14.
Rad1 Qg7 15. Rg1 Qd7 16. a3 a5 17. Na4 b6 18. Nxc5 bxc5 19. d4 Nxd4 20. Nxd4
cxd4 21. Qa6+ Kb8 22. c3 c5 23. Qxa5 Rg7 24. Qb6+ Kc8 25. Qxc5+ Qc7 26. cxd4
Qxc5 27. dxc5 Kc7 28. b4 Kc6 29. Rd2 Ra8 30. Ra1 Rag8 31. f3 Ra8 32. a4 Rga7
33. a5 Rb7 34. Rb2 h6 35. a6 Rba7 36. Rba2 Kb5 37. Rd1 d4 38. Rda1 Rxa6 39.
Rxa6 Rxa6 40. Rxa6 Kxa6 41. c6 Kb6 42. b5 d3 43. Kg3 d2 44. f4 exf4+ 45. Kxf4
d1=Q 46. Kf5 Qd5+ 47. Kxf6 Qxb5 48. Kg6 Qxc6+ 49. Kf5 Qxg2 50. h4 Qf2+ 51. Kg6
Qxh4 52. Kf5 h5 53. Kg6 Qg4+ 54. Kh6 h4 55. Kh7 h3 56. Kh6 h2 57. Kh7 h1=Q# 0-1

[Event "Junior Online 4NCL Division 4"]
[Site "online"]
[Date "2020.04.16"]
[Round "1.43"]
[White "Mahajan, Arooj"]
[Black "Deeke, James"]
[Result "0-1"]
[WhiteElo "1300"]
[BlackElo "1360"]
[PlyCount "146"]
[EventDate "2020.04.16"]
[WhiteTeam "Leicestershire Juniors 2"]
[BlackTeam "Ojays E"]

1. e4 e5 2. Nf3 Nc6 3. Bb5 Nf6 4. O-O d6 5. Re1 Bg4 6. h3 Bh5 7. d3 g6 8. Bg5
Bg7 9. Bxf6 Qxf6 10. Nbd2 a6 11. Bxc6+ bxc6 12. c3 O-O 13. g4 Bxg4 14. hxg4 Qf4
15. Nh2 Bh6 16. Ndf3 Kh8 17. d4 f5 18. exf5 gxf5 19. gxf5 Rxf5 20. Qe2 Rg8+ 21.
Kh1 e4 22. Qxe4 Qxe4 23. Rxe4 Bf4 24. Rg1 Bxh2 25. Rxg8+ Kxg8 26. Kxh2 Rxf3 27.
Kg2 Rf8 28. Rg4+ Kf7 29. f3 Rg8 30. Rxg8 Kxg8 31. Kg3 Kf7 32. Kg4 Kg6 33. f4
h5+ 34. Kg3 Kf5 35. Kf3 h4 36. b4 h3 37. Kg3 h2 38. Kxh2 Kxf4 39. Kg2 Ke4 40.
Kf2 Kd3 41. Ke1 Kxc3 42. Kd1 Kb2 43. Kd2 Kxa2 44. Kc3 Ka3 45. Kc4 d5+ 46. Kc5
Kb3 47. Kxc6 Kxb4 48. Kxd5 a5 49. Kc6 a4 50. Kxc7 a3 51. d5 a2 52. d6 a1=Q 53.
d7 Qc1+ 54. Kd8 Qd1 55. Ke8 Qh5+ 56. Ke7 Qh4+ 57. Ke8 Qe4+ 58. Kd8 Kc5 59. Kc7
Qe5+ 60. Kc8 Qh8+ 61. d8=Q Qh3+ 62. Kc7 Qg3+ 63. Kb7 Qf3+ 64. Ka6 Qf1+ 65. Kb7
Qb1+ 66. Kc8 Qf5+ 67. Kb7 Qe4+ 68. Ka6 Qc4+ 69. Kb7 Qb5+ 70. Qb6+ Qxb6+ 71. Kc8
Qa7 72. Kd8 Kd6 73. Ke8 Qe7# 0-1

[Event "Junior Online 4NCL Division 4"]
[Site "online"]
[Date "2020.04.16"]
[Round "1.44"]
[White "Liu, Franklin"]
[Black "Eradi, Madhav"]
[Result "0-1"]
[WhiteElo "1300"]
[BlackElo "1225"]
[PlyCount "116"]
[EventDate "2020.04.16"]
[WhiteTeam "Ojays E"]
[BlackTeam "Leicestershire Juniors 2"]

1. e4 e5 2. Nf3 Nc6 3. Bc4 Bc5 4. Nc3 Nf6 5. d3 O-O 6. Bg5 h6 7. Bh4 Be7 8. Nd5
Nxd5 9. Bxd5 Bxh4 10. Nxh4 Qxh4 11. Qd2 Qg5 12. Qe2 Nd4 13. Qd1 Qxg2 14. Rf1
Nf3+ 15. Ke2 c6 16. Rg1 Nd4+ 17. Kd2 Qxf2+ 18. Kc1 cxd5 19. c3 Nf3 20. Rf1 Qe3+
21. Kc2 Ng5 22. exd5 e4 23. Re1 exd3+ 24. Qxd3 Qxd3+ 25. Kxd3 d6 26. Kc2 Bf5+
27. Kd2 Nf3+ 28. Ke2 Nxe1 29. Kxe1 Rfe8+ 30. Kd2 Bg4 31. Kd3 Be2+ 32. Kd2 Rac8
33. Re1 Bh5 34. Rf1 Re2+ 35. Kc1 Rxh2 36. Re1 b5 37. Re7 b4 38. Re3 bxc3 39.
bxc3 Rb2 40. Kxb2 Rb8+ 41. Ka1 Bg6 42. a3 h5 43. Re7 Be4 44. Rxe4 g6 45. Ra4
Rb7 46. Re4 f5 47. Re3 Kg7 48. Re6 Rd7 49. Re3 g5 50. Rg3 Kg6 51. Re3 f4 52.
Rf3 Kf5 53. Kb2 g4 54. Rf1 f3 55. Rh1 Kf4 56. Kc2 Ke3 57. Rxh5 g3 58. Rh1 f2
0-1

[Event "Junior Online 4NCL Division 4"]
[Site "online"]
[Date "2020.04.16"]
[Round "1.45"]
[White "McAndrew, Rory"]
[Black "Cimurs, Alexander"]
[Result "0-1"]
[WhiteElo "1397"]
[BlackElo "1337"]
[PlyCount "60"]
[EventDate "2020.04.16"]
[WhiteTeam "Ojays E"]
[BlackTeam "Leicestershire Juniors 2"]

1. e4 e5 2. Nf3 Nc6 3. Bc4 Bc5 4. d3 d6 5. Ng5 Nh6 6. Qf3 f6 7. Ne6 Bxe6 8.
Bxe6 Nd4 9. Qd1 Nxe6 10. Nc3 Bb4 11. Bd2 Qd7 12. a3 Bxc3 13. Bxc3 c6 14. O-O d5
15. exd5 cxd5 16. Qe2 Nf4 17. Qe3 d4 18. Bxd4 Qxd4 19. Qxd4 exd4 20. Rfe1+ Kd8
21. Rad1 Rc8 22. Rc1 Nf5 23. Re4 g5 24. g4 Nh4 25. Rxd4+ Kc7 26. Re1 Nf3+ 27.
Kf1 Nxd4 28. Re7+ Kd6 29. Rxb7 Rxc2 30. Rxa7 Rc1# 0-1

[Event "Junior Online 4NCL Division 4"]
[Site "online"]
[Date "2020.04.16"]
[Round "1.46"]
[White "Datoo, Noor"]
[Black "McAndrew, Max"]
[Result "1-0"]
[WhiteElo "1307"]
[BlackElo "1390"]
[PlyCount "83"]
[EventDate "2020.04.16"]
[WhiteTeam "Leicestershire Juniors 2"]
[BlackTeam "Ojays E"]

1. e4 e5 2. Nf3 Nc6 3. Nc3 Nf6 4. Bc4 Bc5 5. d3 d6 6. Be3 Bxe3 7. fxe3 Bg4 8.
d4 exd4 9. exd4 d5 10. exd5 Qe7+ 11. Qe2 Bxf3 12. gxf3 Qxe2+ 13. Nxe2 Nb4 14.
O-O-O O-O 15. a3 Nbxd5 16. Bxd5 Nxd5 17. Rhg1 Rae8 18. Nc3 Nxc3 19. bxc3 Re3
20. Rd3 Rfe8 21. Rxe3 Rxe3 22. Kd2 Rxf3 23. Re1 h6 24. Ke2 Rxc3 25. Kd2 Rxa3
26. Re7 c6 27. Rxb7 Ra4 28. c3 Ra2+ 29. Kd3 Rxh2 30. Rxa7 Rh3+ 31. Kc4 Rf3 32.
Rc7 Rf6 33. Kc5 h5 34. Rxc6 Rf5+ 35. d5 h4 36. Kd4 h3 37. d6 Rf6 38. d7 h2 39.
d8=Q+ Kh7 40. Qd5 Rf1 41. Qh5+ Kg8 42. Rc8# 1-0

[Event "Junior Online 4NCL Division 4"]
[Site "online"]
[Date "2020.04.16"]
[Round "1.47"]
[White "Deeke, James"]
[Black "Mahajan, Arooj"]
[Result "0-1"]
[WhiteElo "1360"]
[BlackElo "1300"]
[PlyCount "98"]
[EventDate "2020.04.16"]
[WhiteTeam "Ojays E"]
[BlackTeam "Leicestershire Juniors 2"]

1. e4 e5 2. Nf3 Nc6 3. Nc3 d6 4. Bc4 Bg4 5. h3 Bh5 6. d3 h6 7. Be3 Nf6 8. Qd2
Bxf3 9. gxf3 Be7 10. Nd5 Nxd5 11. Bxd5 Qd7 12. O-O-O a6 13. d4 exd4 14. Bxd4
Nxd4 15. Qxd4 Bf6 16. Qd3 Qb5 17. Qxb5+ axb5 18. Rhe1 O-O 19. Kb1 c6 20. Bb3 c5
21. c4 bxc4 22. Bxc4 Bd4 23. Rf1 Rfb8 24. Bd5 Ra7 25. b4 b6 26. b5 Ra4 27. Bb3
Rb4 28. Kc2 Rxb5 29. a4 Ra5 30. Ra1 Bxa1 31. Rxa1 Rc8 32. Kc3 b5 33. Ra2 bxa4
34. Bxa4 Rb8 35. Rd2 Rxa4 36. Rxd6 Rc8 37. e5 Ra3+ 38. Kc4 Rxf3 39. Rd2 Rf4+
40. Kd5 Rd8+ 41. Kxc5 Rxd2 42. Kc6 Rfxf2 43. Kc5 Rd1 44. Kc4 Rc2+ 45. Kb3 Rc8
46. Kb2 Rc7 47. Kb3 Rb1+ 48. Ka2 Rb8 49. Ka3 Ra7# 0-1

[Event "Junior Online 4NCL Division 4"]
[Site "online"]
[Date "2020.04.16"]
[Round "1.48"]
[White "Eradi, Madhav"]
[Black "Liu, Franklin"]
[Result "1-0"]
[WhiteElo "1225"]
[BlackElo "1300"]
[PlyCount "31"]
[EventDate "2020.04.16"]
[WhiteTeam "Leicestershire Juniors 2"]
[BlackTeam "Ojays E"]

1. e4 e5 2. Nf3 Nc6 3. Bc4 Nf6 4. Ng5 d5 5. exd5 Nxd5 6. Nxf7 Kxf7 7. Qf3+ Ke8
8. Bxd5 Qe7 9. Bxc6+ bxc6 10. Qxc6+ Qd7 11. Qxa8 Qd4 12. Qxc8+ Kf7 13. Qxc7+
Kg8 14. Qc8 Kf7 15. Qf5+ Kg8 16. Qe6# 1-0

[Event "Junior Online 4NCL Division 4"]
[Site "online"]
[Date "2020.04.16"]
[Round "1.51"]
[White "Walker, Daniel"]
[Black "Miller, Kai"]
[Result "1-0"]
[WhiteElo "1382"]
[BlackElo "1390"]
[PlyCount "105"]
[EventDate "2020.04.16"]
[WhiteTeam "Robin Hoods 2"]
[BlackTeam "Hallfield School B"]

1. d4 d5 2. Nc3 Nf6 3. Bf4 Bf5 4. f3 Nc6 5. g4 Bg6 6. h4 h6 7. e3 e6 8. Bb5 a6
9. h5 Bh7 10. Bd3 Bxd3 11. Qxd3 Bd6 12. Nge2 Qd7 13. Na4 e5 14. Bh2 exd4 15.
exd4 O-O-O 16. O-O-O Rhe8 17. Bxd6 Qxd6 18. Nc5 Nb4 19. Qf5+ Kb8 20. Nc3 b6 21.
Nb3 Re6 22. f4 Rde8 23. a3 Nc6 24. g5 hxg5 25. fxg5 Ne4 26. Nxd5 Nf2 27. Qxf2
Qxd5 28. Qxf7 Qxg5+ 29. Kb1 R8e7 30. Qf1 Ka7 31. d5 Rf6 32. Qc4 Ne5 33. Qb4 Rf4
34. Qc3 Rc4 35. Qd2 Qxd2 36. Rxd2 Nf3 37. Rf2 Ng5 38. Rd2 Rce4 39. Nd4 Re1+ 40.
Rd1 Rxd1+ 41. Rxd1 Rd7 42. Nf5 Rf7 43. Nd4 Rf4 44. c3 Kb8 45. Rg1 Ne4 46. Rxg7
Rf1+ 47. Ka2 Nd6 48. h6 Rh1 49. h7 Ne8 50. Rg8 Rxh7 51. Rxe8+ Kb7 52. Nc6 b5
53. Rb8# 1-0

[Event "Junior Online 4NCL Division 4"]
[Site "online"]
[Date "2020.04.16"]
[Round "1.52"]
[White "Agrawal, Ayan"]
[Black "Wood, Ethan"]
[Result "0-1"]
[WhiteElo "1292"]
[BlackElo "1352"]
[PlyCount "102"]
[EventDate "2020.04.16"]
[WhiteTeam "Hallfield School B"]
[BlackTeam "Robin Hoods 2"]

1. d4 d5 2. c4 e6 3. Nc3 Nf6 4. Bf4 Nc6 5. Nf3 Bb4 6. a3 Bxc3+ 7. bxc3 dxc4 8.
e3 O-O 9. Bxc4 Ne4 10. Qd3 f5 11. d5 Ne7 12. dxe6 Qxd3 13. Bxd3 Bxe6 14. Bxe4
fxe4 15. Nd2 Bd5 16. c4 Bc6 17. Bxc7 Rac8 18. Bd6 Rfe8 19. Bxe7 Rxe7 20. f3
exf3 21. gxf3 Rxe3+ 22. Kf2 Rd3 23. Ke2 Rcd8 24. Rad1 Rxa3 25. Ra1 Re8+ 26. Kf2
Rd3 27. Rhd1 a6 28. Ra2 Rde3 29. Nf1 Rc3 30. Ra4 Bxa4 31. Rd4 Rc2+ 32. Rd2
Rxd2+ 33. Nxd2 Rd8 34. Ne4 Bc6 35. Nc5 Rd2+ 36. Ke3 Rxh2 37. f4 Rh3+ 38. Kd4 b5
39. cxb5 axb5 40. Ke5 b4 41. Kd6 Bh1 42. Kc7 b3 43. Nxb3 Rxb3 44. Kd6 Bf3 45.
Ke5 h5 46. Kf5 h4 47. Kg5 h3 48. Kh4 h2 49. Kg3 h1=Q 50. Kf2 Qh2+ 51. Ke1 Rb1#
0-1

[Event "Junior Online 4NCL Division 4"]
[Site "online"]
[Date "2020.04.16"]
[Round "1.53"]
[White "Golding, James"]
[Black "Muthuvelu, Rithvik"]
[Result "1-0"]
[WhiteElo "1337"]
[BlackElo "1337"]
[PlyCount "95"]
[EventDate "2020.04.16"]
[WhiteTeam "Robin Hoods 2"]
[BlackTeam "Hallfield School B"]

1. e4 e5 2. f4 Nc6 3. Nf3 Nf6 4. Nc3 Bb4 5. a3 Ba5 6. b4 Bb6 7. d3 d6 8. f5 Bd7
9. Bg5 h6 10. Bxf6 Qxf6 11. Be2 O-O 12. Nd5 Qd8 13. Nxb6 cxb6 14. O-O Qe7 15.
c4 Nd4 16. Nxd4 exd4 17. Bg4 Qg5 18. Qf3 a6 19. Rac1 Qd2 20. f6 gxf6 21. Bxd7
Qg5 22. Qxf6 Qxf6 23. Rxf6 Kg7 24. Rxd6 Rfd8 25. Rxd4 b5 26. cxb5 axb5 27. Rc5
b6 28. Rxb5 Ra7 29. Rxb6 Raxd7 30. Rxd7 Rxd7 31. a4 Ra7 32. a5 Kf8 33. d4 Ke7
34. d5 Kd7 35. Kf2 Kc7 36. Ke3 Kd7 37. Rxh6 Kc7 38. Rh7 Kd6 39. Kd4 Re7 40. a6
Ra7 41. b5 Re7 42. b6 Kd7 43. a7 Re8 44. b7 Kc7 45. Rxf7+ Kb6 46. b8=Q+ Rxb8
47. axb8=Q+ Ka6 48. Ra7# 1-0

[Event "Junior Online 4NCL Division 4"]
[Site "online"]
[Date "2020.04.16"]
[Round "1.54"]
[White "Kuang, Felix"]
[Black "Brown, Charlie"]
[Result "0-1"]
[WhiteElo "1247"]
[BlackElo "1262"]
[PlyCount "40"]
[EventDate "2020.04.16"]
[WhiteTeam "Hallfield School B"]
[BlackTeam "Robin Hoods 2"]

1. e4 e5 2. Nf3 Nf6 3. Nxe5 Nxe4 4. Qe2 Qe7 5. Qxe4 d6 6. d4 Nc6 7. Be3 dxe5 8.
dxe5 g6 9. Bf4 Nb4 10. a3 Bf5 11. Qxb7 Nxc2+ 12. Kd1 Rd8+ 13. Kc1 Nxa1 14. Bb5+
Bd7 15. Bxd7+ Qxd7 16. Nc3 Qf5 17. Qc6+ Rd7 18. Qa8+ Ke7 19. Nd5+ Rxd5 20. Qxd5
Qc2# 0-1

[Event "Junior Online 4NCL Division 4"]
[Site "online"]
[Date "2020.04.16"]
[Round "1.55"]
[White "Miller, Kai"]
[Black "Walker, Daniel"]
[Result "0-1"]
[WhiteElo "1390"]
[BlackElo "1382"]
[PlyCount "64"]
[EventDate "2020.04.16"]
[WhiteTeam "Hallfield School B"]
[BlackTeam "Robin Hoods 2"]

1. e4 c6 2. d4 d5 3. Nc3 dxe4 4. Nxe4 Nf6 5. Qe2 Qxd4 6. Nf3 Qxe4 7. Qxe4 Nxe4
8. Be3 Bg4 9. Be2 e6 10. h3 Bh5 11. g4 Bg6 12. O-O-O Nd7 13. Rd4 Bc5 14. Rxe4
Bxe4 15. Bxc5 Nxc5 16. Rd1 O-O 17. h4 Rad8 18. Rh1 a5 19. g5 Rd5 20. Rg1 Rfd8
21. h5 Rf5 22. Rg3 Rdd5 23. g6 Rxh5 24. gxf7+ Kxf7 25. Nd4 Rh1+ 26. Bd1 Rxd4
27. b3 Rdxd1+ 28. Kb2 Rdf1 29. Rc3 b6 30. a3 Rb1+ 31. Ka2 Ra1+ 32. Kb2 Rhb1#
0-1

[Event "Junior Online 4NCL Division 4"]
[Site "online"]
[Date "2020.04.16"]
[Round "1.56"]
[White "Wood, Ethan"]
[Black "Agrawal, Ayan"]
[Result "1-0"]
[WhiteElo "1352"]
[BlackElo "1292"]
[PlyCount "53"]
[EventDate "2020.04.16"]
[WhiteTeam "Robin Hoods 2"]
[BlackTeam "Hallfield School B"]

1. e4 e5 2. Nf3 Nc6 3. Bb5 Nge7 4. Nc3 a6 5. Bxc6 Nxc6 6. d4 exd4 7. Nxd4 Nxd4
8. Qxd4 Bd6 9. O-O Qg5 10. Bxg5 f6 11. Bxf6 gxf6 12. Qxf6 Rf8 13. Qg7 b6 14.
Nd5 c6 15. Nf6+ Rxf6 16. Qxf6 Be7 17. Qh6 Bd6 18. Qxd6 Bb7 19. Qe5+ Kf8 20.
Qf5+ Kg8 21. Qxd7 Rb8 22. e5 c5 23. e6 Kh8 24. e7 Rc8 25. Rfe1 Bc6 26. e8=Q+
Rxe8 27. Rxe8# 1-0

[Event "Junior Online 4NCL Division 4"]
[Site "online"]
[Date "2020.04.16"]
[Round "1.57"]
[White "Muthuvelu, Rithvik"]
[Black "Golding, James"]
[Result "1/2-1/2"]
[WhiteElo "1337"]
[BlackElo "1337"]
[PlyCount "146"]
[EventDate "2020.04.16"]
[WhiteTeam "Hallfield School B"]
[BlackTeam "Robin Hoods 2"]

1. e4 e5 2. Nf3 Nc6 3. Bc4 Nf6 4. Nc3 Bc5 5. d3 d6 6. h3 Be6 7. Bb3 O-O 8. Bg5
h6 9. Bh4 Qe7 10. O-O b6 11. Nd5 Bxd5 12. Bxd5 Qd7 13. Bxf6 gxf6 14. Qd2 Kh7
15. Nh4 Rae8 16. Qe2 Rg8 17. Nf5 Ne7 18. Bxf7 Nxf5 19. Bxg8+ Rxg8 20. Kh2 Nd4
21. Qh5 Qg7 22. Qg4 Qxg4 23. hxg4 Rxg4 24. Rg1 Nxc2 25. Rac1 Nd4 26. f3 Rh4+
27. Kg3 Rxe4 28. dxe4 Ne2+ 29. Kg4 Nxc1 30. Rxc1 Kg6 31. Rh1 Bd4 32. b3 c5 33.
Rh4 a5 34. Rh1 b5 35. Rc1 a4 36. bxa4 bxa4 37. Rc4 a3 38. Ra4 Bb2 39. Ra6 c4
40. Rc6 c3 41. Rc4 Kh7 42. Kf5 Kg7 43. Ke6 Kg6 44. Kxd6 Kh5 45. Ke6 Kg6 46. Rc5
h5 47. Rc4 Kg5 48. g3 Ba1 49. Rc6 Bb2 50. Rc5 Ba1 51. Kd5 Bb2 52. Kc4 h4 53.
gxh4+ Kxh4 54. Kb3 Kg3 55. Kc2 Kxf3 56. Rc6 Kxe4 57. Rxf6 Kd4 58. Re6 e4 59.
Rd6+ Ke3 60. Rf6 Ke2 61. Re6 e3 62. Re4 Kf2 63. Re5 e2 64. Re4 e1=Q 65. Rxe1
Kxe1 66. Kb3 Kd2 67. Kc4 c2 68. Kb3 c1=Q 69. Ka4 Qc4+ 70. Ka5 Bc3+ 71. Kb6 Bd4+
72. Kb7 Qc5 73. Ka6 Qb4 1/2-1/2

[Event "Junior Online 4NCL Division 4"]
[Site "online"]
[Date "2020.04.16"]
[Round "1.58"]
[White "Brown, Charlie"]
[Black "Kuang, Felix"]
[Result "0-1"]
[WhiteElo "1262"]
[BlackElo "1247"]
[PlyCount "74"]
[EventDate "2020.04.16"]
[WhiteTeam "Robin Hoods 2"]
[BlackTeam "Hallfield School B"]

1. e4 e5 2. Bc4 Nf6 3. d4 exd4 4. Nf3 Nc6 5. Bg5 h6 6. Bxf6 Qxf6 7. Na3 Bxa3 8.
bxa3 O-O 9. O-O Re8 10. Bd3 d6 11. Re1 Bg4 12. h3 Bxf3 13. Qxf3 Qxf3 14. gxf3
Rad8 15. Rab1 b6 16. Bb5 Ne5 17. Bxe8 Nxf3+ 18. Kf1 Nd2+ 19. Kg1 Nxb1 20. Rxb1
Rxe8 21. Rd1 Rxe4 22. f3 Rf4 23. Kf2 c5 24. Kg3 Rf5 25. Kg4 g6 26. Re1 Re5 27.
Rxe5 dxe5 28. Kg3 f5 29. Kf2 Kf7 30. Kg3 Ke6 31. f4 g5 32. fxe5 Kxe5 33. Kf3 a5
34. a4 c4 35. Ke2 Ke4 36. Kd2 d3 37. cxd3+ cxd3 0-1

[Event "Junior Online 4NCL Division 4"]
[Site "online"]
[Date "2020.04.16"]
[Round "1.61"]
[White "Cham, Alex"]
[Black "Sastry, Shriya"]
[Result "0-1"]
[WhiteElo "1307"]
[BlackElo "1322"]
[PlyCount "110"]
[EventDate "2020.04.16"]
[WhiteTeam "St Albans Early Knights 3"]
[BlackTeam "Warwickshire Bears D"]

1. d4 d5 2. Bf4 Nc6 3. c3 Bf5 4. e3 a6 5. Bd3 Bxd3 6. Qxd3 Nf6 7. Nf3 e6 8.
Nbd2 Bd6 9. Bg3 Bxg3 10. hxg3 h6 11. Ng5 Ng4 12. Ndf3 Qe7 13. O-O-O O-O-O 14.
Nh7 g6 15. Rh4 Nxf2 16. Qe2 Nxd1 17. Qxd1 Rxh7 18. Qb3 Na5 19. Qa4 Nc4 20. Ne5
Nxe5 21. dxe5 Qd7 22. Qa5 Qb5 23. Qa3 Qf1+ 24. Kc2 Qxg2+ 25. Kb3 Qxg3 26. Rb4
Qxe3 27. Qa4 Qxe5 28. Ka3 Qd6 29. Kb3 h5 30. Rd4 Qb6+ 31. Rb4 Qc6 32. Qa5 h4
33. Rf4 Qb5+ 34. Qxb5 axb5 35. Rb4 h3 36. Rxb5 h2 37. Ra5 h1=Q 38. Ra8+ Kd7 39.
Ra4 Qe4 40. Rxe4 dxe4 41. Kc4 f5 42. Kd4 g5 43. Ke3 g4 44. b4 g3 45. a4 g2 46.
Kf2 Rg7 47. Kg1 Ra8 48. a5 Ra6 49. b5 Rxa5 50. b6 c6 51. c4 Ra1+ 52. Kf2 g1=Q+
53. Ke2 Ra3 54. c5 Qg2+ 55. Kd1 Ra1# 0-1

[Event "Junior Online 4NCL Division 4"]
[Site "online"]
[Date "2020.04.16"]
[Round "1.62"]
[White "Vaidyanathan, Adithya"]
[Black "Ravithas, Abinash"]
[Result "0-1"]
[WhiteElo "1315"]
[BlackElo "1285"]
[PlyCount "94"]
[EventDate "2020.04.16"]
[WhiteTeam "Warwickshire Bears D"]
[BlackTeam "St Albans Early Knights 3"]

1. c4 e5 2. b3 Nf6 3. Bb2 Nc6 4. Nc3 Bc5 5. e4 O-O 6. h3 d6 7. Be2 Re8 8. Nf3
Bd7 9. d3 Bb4 10. a3 Bxc3+ 11. Bxc3 Be6 12. O-O a6 13. a4 Qe7 14. Re1 Rad8 15.
d4 exd4 16. Nxd4 Nxe4 17. Nxc6 bxc6 18. Bb2 Qg5 19. Bg4 Bxg4 20. Qxg4 Qxg4 21.
hxg4 Nf6 22. Bxf6 gxf6 23. Rad1 Rxe1+ 24. Rxe1 Rd7 25. Re8+ Kg7 26. Ra8 Kg6 27.
f4 h5 28. gxh5+ Kxh5 29. g3 Re7 30. Rxa6 c5 31. Rc6 Kg4 32. Kg2 Re2+ 33. Kf1
Kf3 34. a5 Ra2 35. Ke1 Rxa5 36. Rxc7 Kxg3 37. Rxf7 Kxf4 38. Rxf6+ Ke5 39. Rf3
Ke4 40. Ke2 Ra2+ 41. Kd1 Kxf3 42. Kc1 Ke3 43. Kb1 Rh2 44. Kc1 Kd3 45. Kb1 Kc3
46. Ka1 Kxb3 47. Kb1 Rh1# 0-1

[Event "Junior Online 4NCL Division 4"]
[Site "online"]
[Date "2020.04.16"]
[Round "1.63"]
[White "Owladi, Dara"]
[Black "Alexander, Ryan"]
[Result "0-1"]
[WhiteElo "1277"]
[BlackElo "1352"]
[PlyCount "86"]
[EventDate "2020.04.16"]
[WhiteTeam "St Albans Early Knights 3"]
[BlackTeam "Warwickshire Bears D"]

1. e4 e5 2. Nc3 Nc6 3. f4 d6 4. fxe5 dxe5 5. Nf3 Nf6 6. Bc4 Bg4 7. h3 Bxf3 8.
Qxf3 Nd4 9. Qd1 Bc5 10. a3 O-O 11. b4 Bd6 12. O-O a6 13. d3 b5 14. Bb3 c5 15.
Bg5 cxb4 16. axb4 Be7 17. Qd2 Qb6 18. Qe3 Bxb4 19. Bxf6 Bxc3 20. Bxe5 Ne2+ 21.
Kf2 Qxe3+ 22. Kxe3 Bxe5 23. Kxe2 Bxa1 24. Rxa1 a5 25. c4 a4 26. Bc2 Rfc8 27.
Kd2 bxc4 28. Rxa4 c3+ 29. Ke3 Rxa4 30. Bxa4 c2 31. Kd2 c1=Q+ 32. Ke2 Rc2+ 33.
Kf3 Qf1+ 34. Ke3 Qe2+ 35. Kd4 Rd2 36. Kc3 Qxd3+ 37. Kb4 Rb2+ 38. Kc5 Rc2+ 39.
Kb4 Qc4+ 40. Ka5 Ra2 41. Kb6 Rxa4 42. Kb7 Rb4+ 43. Ka8 Qa2# 0-1

[Event "Junior Online 4NCL Division 4"]
[Site "online"]
[Date "2020.04.16"]
[Round "1.64"]
[White "Sagyaman, Vassily M"]
[Black "Vitvitska, Vasylyna"]
[Result "0-1"]
[WhiteElo "1232"]
[BlackElo "1187"]
[PlyCount "70"]
[EventDate "2020.04.16"]
[WhiteTeam "Warwickshire Bears D"]
[BlackTeam "St Albans Early Knights 3"]

1. e4 e5 2. Nf3 Nc6 3. Bb5 Nd4 4. Nxd4 exd4 5. O-O a6 6. Ba4 Nf6 7. d3 h6 8.
Bf4 c6 9. Nd2 d5 10. exd5 Nxd5 11. Re1+ Be6 12. c4 Nxf4 13. Bb3 Nxd3 14. Re4
Bc5 15. Qf3 O-O 16. Qxd3 Bf5 17. Bc2 Bxe4 18. Qxe4 g6 19. Qe5 b6 20. Qg3 Qg5
21. Qd3 Rfe8 22. Rd1 Qe5 23. Nf3 Qe6 24. Qd2 Kh7 25. b3 Ra7 26. Re1 Qd7 27. Ne5
Qd6 28. Nxf7 Rxe1+ 29. Qxe1 Rxf7 30. Qd2 Qf4 31. f3 Qxd2 32. Bd3 Qxd3 33. h3
Re7 34. g3 Qd2 35. Kf1 Re1# 0-1

[Event "Junior Online 4NCL Division 4"]
[Site "online"]
[Date "2020.04.16"]
[Round "1.65"]
[White "Sastry, Shriya"]
[Black "Cham, Alex"]
[Result "1-0"]
[WhiteElo "1322"]
[BlackElo "1307"]
[PlyCount "123"]
[EventDate "2020.04.16"]
[WhiteTeam "Warwickshire Bears D"]
[BlackTeam "St Albans Early Knights 3"]

1. d4 d5 2. Bf4 Bf5 3. Nf3 e6 4. a3 Bd6 5. Nc3 c6 6. e3 Nf6 7. Bxd6 Qxd6 8. Bd3
Nbd7 9. Bxf5 exf5 10. Qd3 Ne4 11. Nd2 Ndf6 12. Ndxe4 Nxe4 13. Nxe4 fxe4 14. Qb3
b5 15. Qb4 Qc7 16. Qc5 Qa5+ 17. b4 Qc7 18. h3 f6 19. a4 O-O-O 20. axb5 cxb5 21.
Qxc7+ Kxc7 22. Rxa7+ Kb6 23. Rxg7 Ra8 24. Kd2 Ra4 25. Kc3 Rc8+ 26. Kb3 Rc4 27.
c3 Rc7 28. Rxc7 Kxc7 29. Rb1 Kd6 30. Rb2 f5 31. Ra2 Rxa2 32. Kxa2 Ke6 33. Kb2
Kf6 34. Kc2 h5 35. Kd2 h4 36. Ke2 Ke6 37. f3 Kf6 38. fxe4 fxe4 39. Kf2 Kf5 40.
g3 Kg5 41. gxh4+ Kxh4 42. Kg2 Kh5 43. Kg3 Kg5 44. h4+ Kh5 45. Kf4 Kxh4 46. Ke5
Kg3 47. Kxd5 Kf3 48. Kc5 Kxe3 49. d5 Kf2 50. d6 e3 51. d7 e2 52. d8=Q e1=Q 53.
Qh4+ Ke2 54. Qxe1+ Kxe1 55. Kxb5 Kd2 56. Kc6 Kd3 57. b5 Kc4 58. b6 Kxc3 59. b7
Kb4 60. b8=Q+ Ka5 61. Kc5 Ka4 62. Qb4# 1-0

[Event "Junior Online 4NCL Division 4"]
[Site "online"]
[Date "2020.04.16"]
[Round "1.66"]
[White "Ravithas, Abinash"]
[Black "Vaidyanathan, Adithya"]
[Result "1/2-1/2"]
[WhiteElo "1285"]
[BlackElo "1315"]
[PlyCount "150"]
[EventDate "2020.04.16"]
[WhiteTeam "St Albans Early Knights 3"]
[BlackTeam "Warwickshire Bears D"]

1. e4 c5 2. Bc4 b6 3. Nc3 Bb7 4. Nf3 Nc6 5. d3 e5 6. O-O h6 7. Re1 Nf6 8. Bb5
a6 9. Bxc6 Bxc6 10. Nxe5 Bb7 11. Nf3 Be7 12. e5 Nd5 13. Nxd5 Bxd5 14. c4 Bb7
15. Bf4 O-O 16. Qd2 Bxf3 17. gxf3 f6 18. e6 d6 19. Kh1 g5 20. Be3 f5 21. f4 Kh7
22. fxg5 Bxg5 23. Bxg5 Qxg5 24. Qxg5 hxg5 25. e7 Rfe8 26. Re6 Kg7 27. Rae1 Ra7
28. Rxd6 b5 29. cxb5 axb5 30. Rd5 Rxa2 31. Rxf5 Rxb2 32. Rxg5+ Kf6 33. Rxc5 Rd2
34. Rxb5 Rxd3 35. Rb6+ Kf7 36. h4 Rh3+ 37. Kg2 Rxh4 38. Ree6 Rg4+ 39. Kf3 Rg5
40. Kf4 Rg2 41. f3 Rxe7 42. Rxe7+ Kxe7 43. Ke5 Rf2 44. f4 Re2+ 45. Kf5 Kf7 46.
Rb7+ Kf8 47. Kf6 Kg8 48. Re7 Rf2 49. f5 Kf8 50. Ra7 Ke8 51. Re7+ Kf8 52. Rf7+
Ke8 53. Rg7 Kf8 54. Rg4 Rf3 55. Ke5 Re3+ 56. Re4 Rxe4+ 57. Kxe4 Ke8 58. Kf4 Kf8
59. Kg5 Kg7 60. f6+ Kf7 61. Kf5 Kf8 62. Kg6 Kg8 63. Kf5 Kf7 64. Kg5 Kf8 65. Kg6
Kg8 66. Kf5 Kf7 67. Ke5 Kf8 68. Ke6 Ke8 69. Kd6 Kf7 70. Ke5 Kf8 71. Kf5 Kf7 72.
Ke5 Kf8 73. Kf5 Kf7 74. Kg5 Kf8 75. Kg6 Kg8 1/2-1/2

[Event "Junior Online 4NCL Division 4"]
[Site "online"]
[Date "2020.04.16"]
[Round "1.67"]
[White "Alexander, Ryan"]
[Black "Owladi, Dara"]
[Result "0-1"]
[WhiteElo "1352"]
[BlackElo "1277"]
[PlyCount "96"]
[EventDate "2020.04.16"]
[WhiteTeam "Warwickshire Bears D"]
[BlackTeam "St Albans Early Knights 3"]

1. e4 e5 2. Nf3 Nc6 3. Bc4 Bc5 4. Nc3 Nf6 5. Ng5 O-O 6. O-O h6 7. Nf3 d6 8. d3
Bg4 9. Be3 Bb6 10. h3 Bxf3 11. Qxf3 Bxe3 12. Qxe3 Qd7 13. Bb5 a6 14. Bc4 b5 15.
Bd5 Nxd5 16. exd5 Nd4 17. Rac1 b4 18. Ne4 f5 19. Nd2 f4 20. Qe4 Rac8 21. c3
bxc3 22. bxc3 Nf5 23. d4 exd4 24. cxd4 Rfe8 25. Qxf4 Qf7 26. Rce1 Qxd5 27.
Rxe8+ Rxe8 28. Nf3 Re4 29. Qd2 Nxd4 30. Nxd4 Rxd4 31. Qc2 c5 32. Re1 Rc4 33.
Qg6 Rf4 34. a4 Qa2 35. Re8+ Rf8 36. Rxf8+ Kxf8 37. Qxd6+ Kg8 38. Qxa6 Qc2 39.
a5 Qa4 40. Qc8+ Kh7 41. a6 c4 42. Qb7 c3 43. a7 c2 44. Qe4+ Qxe4 45. Kh2 c1=Q
46. f3 Qef4+ 47. g3 Qc2+ 48. Kh1 Qfc1# 0-1